[Event "HUN-chT2 Erkel 0910"]
[Site "Hungary"]
[Date "2010.02.28"]
[Round "7.8"]
[White "Krizsany, Laszlo Sr"]
[Black "Toth, Mate Jozsef"]
[Result "1/2-1/2"]
[WhiteElo "1992"]
[BlackElo "1988"]
[PlyCount "101"]
[EventDate "2009.11.08"]
[EventType "team-tourn"]
[EventRounds "11"]
[EventCountry "HUN"]
[SourceTitle "EXT 2011"]
[Source "ChessBase"]
[SourceDate "2010.11.26"]
[SourceVersion "1"]
[SourceVersionDate "2010.11.26"]
[SourceQuality "1"]
[WhiteTeam "Budapest MTK"]
[BlackTeam "Godollo"]
[WhiteTeamCountry "HUN"]
[BlackTeamCountry "HUN"]

1. d4 d6 2. e4 Nf6 3. f3 c6 4. c3 e5 5. dxe5 dxe5 6. Qxd8+ Kxd8 7. Bc4 Ke7 8. Be3 Be6 9. Nd2 Nbd7 10. Ne2 Bxc4 11. Nxc4 Ke6 12. 0-0-0 a5 13. Bg5 Bc5 14. Be3 Rhd8 15. Bxc5 Nxc5 16. Kc2 b5 17. Ne3 g6 18. Rxd8 Rxd8 19. Rd1 Rxd1 20. Nxd1 Ne8 21. b4 Nb7 22. Ne3 Ned6 23. g4 f6 24. Ng3 Nf7 25. h4 axb4 26. cxb4 Nbd6 27. Kd3 h6 28. h5 gxh5 29. Nxh5 Ng5 30. Ke2 Nh3 31. Ng7+ Kf7 32. Ngf5 Nxf5 33. Nxf5 Nf4+ 34. Kd2 h5 35. gxh5 Nxh5 36. Nd6+ Ke7 37. Nf5+ Ke6 38. Ke3 Kd7 39. Kd2 Nf4 40. Ne3 Ne6 41. Nf5 Kc7 42. a3 Kb6 43. Kd3 c5 44. Ne7 Nd4 45. Nd5+ Kc6 46. bxc5 Kxc5 47. Nxf6 Nxf3 48. Kc3 Ng5 49. Nd7+ Kd6 50. Nxe5 Kxe5 51. Kb4 1/2-1/2

[Event "HUN-chT2 Erkel 0910"]
[Site "Hungary"]
[Date "2009.11.22"]
[Round "2.7"]
[White "Tomosvary, Attila"]
[Black "Toth, Mate Jozsef"]
[Result "0-1"]
[WhiteElo "2126"]
[BlackElo "1988"]
[PlyCount "108"]
[EventDate "2009.11.08"]
[EventType "team-tourn"]
[EventRounds "11"]
[EventCountry "HUN"]
[SourceTitle "EXT 2011"]
[Source "ChessBase"]
[SourceDate "2010.11.26"]
[SourceVersion "1"]
[SourceVersionDate "2010.11.26"]
[SourceQuality "1"]
[WhiteTeam "Vizugy"]
[BlackTeam "Godollo"]
[WhiteTeamCountry "HUN"]
[BlackTeamCountry "HUN"]

1. e4 c5 2. Nc3 Nc6 3. f4 g6 4. Nf3 Bg7 5. Bb5 e6 6. Bxc6 dxc6 7. d3 Ne7 8. 0-0 0-0 9. Be3 b6 10. Qe1 a5 11. Qh4 a4 12. a3 Bd7 13. f5 exf5 14. Bh6 f6 15. Bxg7 Kxg7 16. Rae1 g5 17. Qf2 fxe4 18. dxe4 Ng6 19. Rd1 Qe7 20. Qg3 Ne5 21. h4 h6 22. Rf2 b5 23. Ne2 Ng4 24. Rff1 Ne3 25. Nf4 Nxf1 26. Kxf1 Kh7 27. Ne2 Be6 28. hxg5 fxg5 29. Kg1 Rad8 30. Re1 Qd6 31. e5 Qe7 32. Nc3 Bd5 33. Ne4 Bxe4 34. Rxe4 Rf5 35. Qh3 Rdf8 36. Re2 Qg7 37. Qg3 h5 38. e6 Qe7 39. Re5 Kh6 40. Qe1 R8f6 41. Re4 Rf4 42. Re5 R6f5 43. Qc3 Kg6 44. Qd3 c4 45. Qd7 Kf6 46. Rxf5+ Rxf5 47. Qc8 Qxe6 48. Qh8+ Kg6 49. Qd4 Rd5 50. Qc3 Qf6 51. Qe1 Kf7 52. Qe4 Kg7 53. Qe2 g4 54. Nh2 Qd4+ 0-1

[Event "HUN-chT2 Erkel 0809"]
[Site "Hungary"]
[Date "2009.03.08"]
[Round "9.8"]
[White "Bokros, Istvan"]
[Black "Toth, Mate Jozsef"]
[Result "1-0"]
[WhiteElo "2085"]
[BlackElo "2017"]
[PlyCount "91"]
[EventDate "2008.10.26"]
[EventType "tourn"]
[EventRounds "11"]
[EventCountry "HUN"]
[SourceTitle "EXT 2010"]
[Source "ChessBase"]
[SourceDate "2010.11.25"]
[SourceVersion "1"]
[SourceVersionDate "2010.11.25"]
[SourceQuality "1"]
[WhiteTeam "PSE II"]
[BlackTeam "Godollo"]
[WhiteTeamCountry "HUN"]
[BlackTeamCountry "HUN"]

1. e4 c5 2. Nf3 g6 3. d4 Bg7 4. Nc3 cxd4 5. Nxd4 Nc6 6. Be3 Nf6 7. Bc4 Qa5 8. 0-0 0-0 9. Bb3 d6 10. h3 a6 11. f4 Nd7 12. Nd5 Qd8 13. c3 Na5 14. Qe2 Nxb3 15. Nxb3 e6 16. Nb4 a5 17. Nc2 b6 18. Rfd1 Qc7 19. Qd2 Nc5 20. Qxd6 Qxd6 21. Rxd6 Nxe4 22. Rxb6 a4 23. Nbd4 a3 24. Nxa3 Nxc3 25. bxc3 Rxa3 26. Rb3 Ra4 27. a3 Re8 28. Rb4 Ra6 29. Nb5 Rc6 30. Bd4 Bf8 31. Ra4 Bc5 32. Rc4 Bxd4+ 33. Rxd4 Ba6 34. a4 Rc5 35. c4 e5 36. fxe5 Rexe5 37. Rad1 Re2 38. Rf1 Ra2 39. Rd8+ Kg7 40. Rd7 Rxc4 41. Rfxf7+ Kh6 42. Rxh7+ Kg5 43. Rd5+ Kf4 44. Rf7+ Ke4 45. Rg5 Rcxa4 46. Nc3+ 1-0

[Event "HUN-chT2 Erkel 0809"]
[Site "Hungary"]
[Date "2008.12.21"]
[Round "4.6"]
[White "Paroczai, Attila"]
[Black "Toth, Mate Jozsef"]
[Result "1-0"]
[WhiteElo "2122"]
[BlackElo "2017"]
[PlyCount "75"]
[EventDate "2008.10.26"]
[EventType "tourn"]
[EventRounds "11"]
[EventCountry "HUN"]
[SourceTitle "EXT 2010"]
[Source "ChessBase"]
[SourceDate "2010.11.25"]
[SourceVersion "1"]
[SourceVersionDate "2010.11.25"]
[SourceQuality "1"]
[WhiteTeam "HMO"]
[BlackTeam "Godollo"]
[WhiteTeamCountry "HUN"]
[BlackTeamCountry "HUN"]

1. e4 c5 2. Nf3 g6 3. Bc4 Bg7 4. 0-0 Nc6 5. Re1 d6 6. c3 e6 7. d3 Nge7 8. Bg5 Bd7 9. a3 0-0 10. Nbd2 Re8 11. h3 Qc7 12. Qc2 a6 13. Rac1 b5 14. Ba2 Rac8 15. Bf4 Qb6 16. Bxd6 Nd4 17. cxd4 Qxd6 18. e5 Qb8 19. dxc5 Bc6 20. d4 Bh6 21. Rcd1 Nd5 22. Ne4 Re7 23. Bxd5 exd5 24. Nd6 Rcc7 25. Nh2 Re6 26. Ng4 Bg5 27. g3 h5 28. h4 hxg4 29. hxg5 b4 30. Kg2 Qd8 31. Qd2 Ba4 32. Rc1 a5 33. Rh1 Qe7 34. Rh4 Qf8 35. Rch1 Qg7 36. axb4 Ree7 37. b5 Rxc5 38. Qxa5 1-0

[Event "HUN-chT2 Erkel 0809"]
[Site "Hungary"]
[Date "2008.11.30"]
[Round "3.7"]
[White "Klein, Peter"]
[Black "Toth, Mate Jozsef"]
[Result "0-1"]
[WhiteElo "2064"]
[BlackElo "2017"]
[PlyCount "98"]
[EventDate "2008.10.26"]
[EventType "tourn"]
[EventRounds "11"]
[EventCountry "HUN"]
[SourceTitle "EXT 2010"]
[Source "ChessBase"]
[SourceDate "2010.11.25"]
[SourceVersion "1"]
[SourceVersionDate "2010.11.25"]
[SourceQuality "1"]
[WhiteTeam "Paszto"]
[BlackTeam "Godollo"]
[WhiteTeamCountry "HUN"]
[BlackTeamCountry "HUN"]

1. e4 c5 2. Nc3 Nc6 3. g3 g6 4. Bg2 Bg7 5. d3 d6 6. Bd2 e6 7. Rb1 Nge7 8. f4 Rb8 9. Nf3 b5 10. a3 a5 11. a4 bxa4 12. Nxa4 Bd7 13. b3 0-0 14. 0-0 Qc7 15. Qe1 Nb4 16. g4 Nxc2 17. Qh4 Bxa4 18. bxa4 Rxb1 19. Rxb1 Nb4 20. Rb3 c4 21. dxc4 Qxc4 22. Ng5 h6 23. Rh3 Qe2 24. Be3 Rc8 25. Bf1 Qa2 26. Nf3 Kf8 27. f5 Qb2 28. Bxh6 exf5 29. Bxg7+ Qxg7 30. Qh8+ Ng8 31. Qxg7+ Kxg7 32. gxf5 gxf5 33. exf5 Ne7 34. Nd4 Kf6 35. Nb5 Rd8 36. Rh6+ Ke5 37. Bh3 d5 38. Rh7 Rf8 39. Kf1 d4 40. Ke2 Ned5 41. Bg4 d3+ 42. Kd2 Nf6 43. Rg7 Ne4+ 44. Ke3 d2 45. Bd1 Nd5+ 46. Ke2 Rh8 47. Rxf7 Rxh2+ 48. Kd3 Rh3+ 49. Kc2 Ne3+ 0-1

[Event "HUN-chT2 Erkel 0708"]
[Site "Hungary"]
[Date "2007.12.16"]
[Round "5"]
[White "Toth, Mate Jozsef"]
[Black "Mizsei, Janos"]
[Result "0-1"]
[WhiteElo "2101"]
[BlackElo "2118"]
[PlyCount "96"]
[EventDate "2007.10.14"]
[EventType "team-tourn"]
[EventRounds "11"]
[EventCountry "HUN"]
[SourceTitle "EXT 2009"]
[Source "ChessBase"]
[SourceDate "2008.11.26"]
[SourceVersion "1"]
[SourceVersionDate "2008.11.26"]
[SourceQuality "1"]
[WhiteTeam "Godollo"]
[BlackTeam "Jaszbereny"]
[WhiteTeamCountry "HUN"]
[BlackTeamCountry "HUN"]

1. c4 c5 2. Nc3 Nc6 3. g3 Nf6 4. Bg2 g6 5. Nf3 Nd4 6. 0-0 Nxf3+ 7. Bxf3 Bg7 8. d4 Qa5 9. dxc5 Qxc5 10. Qb3 0-0 11. Be3 Qa5 12. Qb5 Qc7 13. Qb4 d6 14. c5 a5 15. Qa3 Bd7 16. Rac1 dxc5 17. Bxc5 Bh3 18. Rfd1 Rfe8 19. Nb5 Qe5 20. Qb3 Be6 21. Qc3 Qxc3 22. Nxc3 Rac8 23. Bb6 a4 24. a3 Nd7 25. Ba7 Ra8 26. Bd4 Bxd4 27. Rxd4 Nc5 28. Rb4 Reb8 29. Nb5 Na6 30. Rd4 Rc8 31. Rxc8+ Rxc8 32. Nc3 Nc5 33. Nxa4 Nxa4 34. Rxa4 Bh3 35. Bc6 Rxc6 36. f3 Rb6 37. b4 Ra6 38. Rxa6 bxa6 39. Kf2 Bd7 40. Ke3 Bb5 41. Kd2 e5 42. e3 Kf8 43. Kc3 Ke7 44. Kb3 Kd6 45. a4 Be2 46. f4 Kd5 47. Kc3 exf4 48. Kd2 f3 0-1

[Event "HUN-chT2 Erkel 0708"]
[Site "Hungary"]
[Date "2007.12.09"]
[Round "4"]
[White "Purkald, Mihaly"]
[Black "Toth, Mate Jozsef"]
[Result "1/2-1/2"]
[WhiteElo "2184"]
[BlackElo "2101"]
[PlyCount "35"]
[EventDate "2007.10.14"]
[EventType "team-tourn"]
[EventRounds "11"]
[EventCountry "HUN"]
[SourceTitle "EXT 2009"]
[Source "ChessBase"]
[SourceDate "2008.11.26"]
[SourceVersion "1"]
[SourceVersionDate "2008.11.26"]
[SourceQuality "1"]
[WhiteTeam "Keviterv"]
[BlackTeam "Godollo"]
[WhiteTeamCountry "HUN"]
[BlackTeamCountry "HUN"]

1. d4 Nf6 2. Nf3 g6 3. g3 Bg7 4. Bg2 0-0 5. c4 c6 6. Nc3 d5 7. cxd5 cxd5 8. 0-0 Ne4 9. Qb3 Nxc3 10. bxc3 Nc6 11. Nd2 e6 12. Ba3 Re8 13. e3 Na5 14. Qc2 Bd7 15. Rab1 b5 16. e4 Rc8 17. Qd3 Nc4 18. Nxc4 1/2-1/2

[Event "HUN-chT2 Erkel 0607"]
[Site "Hungary"]
[Date "2007.04.29"]
[Round "9"]
[White "Toth, Mate Jozsef"]
[Black "Juhasz, Kristof"]
[Result "1/2-1/2"]
[WhiteElo "2083"]
[BlackElo "1993"]
[PlyCount "38"]
[EventDate "2006.11.12"]
[EventType "team-tourn"]
[EventRounds "11"]
[EventCountry "HUN"]
[SourceTitle "EXT 2008"]
[Source "ChessBase"]
[SourceDate "2007.11.25"]
[SourceVersion "1"]
[SourceVersionDate "2007.11.25"]
[SourceQuality "1"]
[WhiteTeam "Godollo"]
[BlackTeam "Heesi II"]
[WhiteTeamCountry "HUN"]
[BlackTeamCountry "HUN"]

1. c4 c6 2. g3 d5 3. cxd5 cxd5 4. Nf3 Nc6 5. Bg2 e5 6. d3 Bb4+ 7. Bd2 Bxd2+ 8. Qxd2 Nf6 9. 0-0 0-0 10. b4 Qd6 11. b5 Ne7 12. Qb2 d4 13. Nbd2 Be6 14. Ng5 Bd5 15. Nge4 Nxe4 16. Nxe4 Bxe4 17. dxe4 Qd7 18. f4 f6 19. a4 Rac8 1/2-1/2

[Event "HUN-chT2 Erkel 0506"]
[Site "Hungary"]
[Date "2005.11.13"]
[Round "3"]
[White "Toth, Mate Jozsef"]
[Black "Vass, Lajos"]
[Result "1/2-1/2"]
[WhiteElo "2072"]
[BlackElo "2200"]
[PlyCount "119"]
[EventDate "2005.10.16"]
[EventType "team-tourn"]
[EventRounds "11"]
[EventCountry "HUN"]
[SourceTitle "EXT 2009"]
[Source "ChessBase"]
[SourceDate "2008.11.26"]
[SourceVersion "1"]
[SourceVersionDate "2008.11.26"]
[SourceQuality "1"]
[WhiteTeam "Godollo"]
[BlackTeam "BEAC Rufusz II"]
[WhiteTeamCountry "HUN"]
[BlackTeamCountry "HUN"]

1. c4 Nf6 2. Nc3 d5 3. cxd5 Nxd5 4. g3 g6 5. Bg2 c6 6. Qb3 Nb6 7. Nf3 Bg7 8. a4 Be6 9. Qc2 a5 10. d3 Na6 11. Bd2 0-0 12. Ne4 Nd5 13. 0-0 Ndb4 14. Qc1 Bd5 15. Nc3 Rc8 16. Ra3 Qd7 17. Qb1 Be6 18. Rc1 Bg4 19. Be3 Nd5 20. Bd2 h6 21. Nxd5 Qxd5 22. h3 Bd7 23. e4 Qe6 24. Bxa5 c5 25. Bc3 b6 26. Bxg7 Kxg7 27. Rc4 b5 28. axb5 Bxb5 29. Rc1 Rfd8 30. Ne1 Nb4 31. Rcc3 Qd6 32. Qd1 c4 33. Qc1 cxd3 34. Rxc8 d2 35. Qc3+ Qd4 36. Qxd4+ Rxd4 37. Ra1 d1Q 38. Rxd1 Rxd1 39. Rb8 Rxe1+ 40. Kh2 Nd3 41. Rxb5 Nxf2 42. Rd5 e6 43. Rd4 Kf6 44. Bf3 Ke5 45. Rd7 Nxe4 46. Bxe4 Rxe4 47. Rxf7 Re2+ 48. Kg1 Rxb2 49. Rf8 h5 50. Rf7 Ke4 51. Rf4+ Ke3 52. Rf6 e5 53. Rxg6 Kf3 54. g4 h4 55. g5 Kg3 56. Kf1 Rf2+ 57. Kg1 Rf5 58. Rg8 Kxh3 59. g6 e4 60. Re8 1/2-1/2

[Event "HUN-chT2 Erkel 0506"]
[Site "Hungary"]
[Date "2005.10.30"]
[Round "2"]
[White "Hogye, Imre"]
[Black "Toth, Mate Jozsef"]
[Result "1-0"]
[WhiteElo "2140"]
[BlackElo "2072"]
[PlyCount "77"]
[EventDate "2005.10.16"]
[EventType "team-tourn"]
[EventRounds "11"]
[EventCountry "HUN"]
[SourceTitle "EXT 2009"]
[Source "ChessBase"]
[SourceDate "2008.11.26"]
[SourceVersion "1"]
[SourceVersionDate "2008.11.26"]
[SourceQuality "1"]
[WhiteTeam "Ujszasz"]
[BlackTeam "Godollo"]
[WhiteTeamCountry "HUN"]
[BlackTeamCountry "HUN"]

1. d4 Nf6 2. c4 g6 3. Nc3 d5 4. cxd5 Nxd5 5. e4 Nxc3 6. bxc3 Bg7 7. Be3 0-0 8. Rb1 c5 9. Nf3 Qa5 10. Qd2 a6 11. Be2 Nc6 12. Rc1 Rd8 13. d5 Bg4 14. 0-0 Rac8 15. h3 Bxf3 16. Bxf3 Ne5 17. Be2 Qa4 18. Qc2 Qxc2 19. Rxc2 c4 20. Rd1 Nd7 21. f4 Nc5 22. e5 b5 23. Bg4 e6 24. d6 Bh6 25. Bf3 Nd3 26. g3 Nxe5 27. Bb7 Rb8 28. Bxa6 Nd3 29. a4 e5 30. Bxb5 Rxb5 31. axb5 Rxd6 32. b6 Rd7 33. Ra1 exf4 34. Ra7 Rd8 35. Bd4 fxg3 36. b7 Bf4 37. Ra8 Bb8 38. Rca2 Nf4 39. Rxb8 1-0

[Event "Balatonalmadi Pannonia Cup 10th"]
[Site "Balatonalmadi"]
[Date "2005.07.27"]
[Round "1"]
[White "Gonda, Laszlo"]
[Black "Toth, Mate Jozsef"]
[Result "1-0"]
[WhiteElo "2439"]
[BlackElo "2072"]
[PlyCount "49"]
[EventDate "2005.07.27"]
[EventType "swiss"]
[EventRounds "7"]
[EventCountry "HUN"]
[SourceTitle "EXT 2008"]
[Source "ChessBase"]
[SourceDate "2007.11.25"]
[SourceVersion "1"]
[SourceVersionDate "2007.11.25"]
[SourceQuality "1"]

1. d4 g6 2. c4 Bg7 3. Nc3 Nf6 4. e4 d6 5. Be2 Nbd7 6. Nf3 c6 7. 0-0 0-0 8. Qc2 a6 9. a3 Qc7 10. b4 c5 11. dxc5 dxc5 12. Bb2 b5 13. cxb5 cxb4 14. axb4 a5 15. bxa5 Rxa5 16. Rxa5 Qxa5 17. e5 Ng4 18. e6 fxe6 19. Qb3 Qb6 20. Na4 Nc5 21. Nxb6 Nxb3 22. Bxg7 Kxg7 23. Rb1 Na5 24. Nd4 Rd8 25. Rd1 1-0

[Event "HUN-chT2 Erkel 0405"]
[Site "Hungary"]
[Date "2004.11.21"]
[Round "3"]
[White "Sinoros Szabo, Csongor"]
[Black "Toth, Mate Jozsef"]
[Result "1-0"]
[WhiteElo "2056"]
[BlackElo "2062"]
[PlyCount "103"]
[EventDate "2004.09.26"]
[EventType "team-tourn"]
[EventRounds "11"]
[EventCountry "HUN"]
[SourceTitle "EXT 2009"]
[Source "ChessBase"]
[SourceDate "2008.11.26"]
[SourceVersion "1"]
[SourceVersionDate "2008.11.26"]
[SourceQuality "1"]
[WhiteTeam "Karpati"]
[BlackTeam "Godollo"]
[WhiteTeamCountry "HUN"]
[BlackTeamCountry "HUN"]

1. c4 Nf6 2. Nc3 d5 3. cxd5 Nxd5 4. g3 g6 5. Bg2 Nb6 6. Nf3 Bg7 7. 0-0 Nc6 8. d3 0-0 9. h3 Bd7 10. Kh2 Nb4 11. a3 N4d5 12. Bd2 c5 13. Ng5 Bc6 14. f4 c4 15. Qc2 Rc8 16. Nge4 Nxc3 17. bxc3 cxd3 18. exd3 e6 19. Rac1 Nd5 20. c4 Ne7 21. Bc3 Nf5 22. Qe2 Nd4 23. Qe3 Nf5 24. Qe2 Bxc3 25. Rxc3 Qd4 26. Rfc1 Ne3 27. Bh1 Rfd8 28. c5 Rc7 29. Rb3 Nd5 30. Qf2 Qa4 31. Qb2 h6 32. Rc4 Qa5 33. Rd4 e5 34. fxe5 Qe1 35. Nf6+ Nxf6 36. Rxd8+ Kh7 37. Bxc6 Nh5 38. Qg2 bxc6 39. Rbb8 Qxe5 40. Rh8+ Kg7 41. Rhg8+ Kh7 42. Rh8+ Kg7 43. Rbg8+ Kf6 44. Qf3+ Ke6 45. Qg4+ Kf6 46. Qf3+ Ke6 47. Re8+ Re7 48. Qxc6+ Kf5 49. Qe4+ Qxe4 50. dxe4+ Rxe4 51. Rxe4 Kxe4 52. c6 1-0

[Event "HUN-chT2 Erkel 0304"]
[Site "Hungary"]
[Date "2004.04.18"]
[Round "11"]
[White "Repasi, Zoltan Jr"]
[Black "Toth, Mate Jozsef"]
[Result "1-0"]
[WhiteElo "2033"]
[BlackElo "2077"]
[PlyCount "26"]
[EventDate "2003.09.28"]
[EventType "team-tourn"]
[EventRounds "11"]
[EventCountry "HUN"]
[SourceTitle "EXT 2009"]
[Source "ChessBase"]
[SourceDate "2008.11.26"]
[SourceVersion "1"]
[SourceVersionDate "2008.11.26"]
[SourceQuality "1"]
[WhiteTeam "Dunaharaszti II"]
[BlackTeam "Godollo"]
[WhiteTeamCountry "HUN"]
[BlackTeamCountry "HUN"]

1. d4 d6 2. e4 f5 3. Nc3 Nf6 4. Be3 Nc6 5. Nf3 e6 6. Bg5 Be7 7. h4 Bd7 8. exf5 exf5 9. Qd2 d5 10. Bxf6 Bxf6 11. Nxd5 Nxd4 12. Nxd4 Bxd4 13. 0-0-0 c6 1-0

[Event "HUN-chT2 Erkel 0304"]
[Site "Hungary"]
[Date "2004.01.25"]
[Round "6"]
[White "Hegedus, Peter"]
[Black "Toth, Mate Jozsef"]
[Result "1/2-1/2"]
[WhiteElo "2072"]
[BlackElo "2077"]
[PlyCount "23"]
[EventDate "2003.09.28"]
[EventType "team-tourn"]
[EventRounds "11"]
[EventCountry "HUN"]
[SourceTitle "EXT 2009"]
[Source "ChessBase"]
[SourceDate "2008.11.26"]
[SourceVersion "1"]
[SourceVersionDate "2008.11.26"]
[SourceQuality "1"]
[WhiteTeam "Lang"]
[BlackTeam "Godollo"]
[WhiteTeamCountry "HUN"]
[BlackTeamCountry "HUN"]

1. e4 d6 2. d4 f5 3. Nc3 Nf6 4. Bd3 Nc6 5. Nf3 fxe4 6. Nxe4 Bg4 7. h3 Bh5 8. g4 Bg6 9. Nxf6+ gxf6 10. Nh4 Bf7 11. Qf3 e6 12. c3 1/2-1/2

[Event "HUN-chT2 Erkel 0304"]
[Site "Hungary"]
[Date "2003.09.28"]
[Round "1"]
[White "Adam, Gyorgy"]
[Black "Toth, Mate Jozsef"]
[Result "1-0"]
[WhiteElo "2100"]
[BlackElo "2077"]
[PlyCount "101"]
[EventDate "2003.09.28"]
[EventType "team-tourn"]
[EventRounds "11"]
[EventCountry "HUN"]
[SourceTitle "EXT 2009"]
[Source "ChessBase"]
[SourceDate "2008.11.26"]
[SourceVersion "1"]
[SourceVersionDate "2008.11.26"]
[SourceQuality "1"]
[WhiteTeam "Barcza"]
[BlackTeam "Godollo"]
[WhiteTeamCountry "HUN"]
[BlackTeamCountry "HUN"]

1. e4 d6 2. d4 f5 3. exf5 Bxf5 4. Bd3 e6 5. Bxf5 exf5 6. Qf3 Nc6 7. Ne2 Qd7 8. Bg5 h6 9. Bd2 0-0-0 10. Nbc3 d5 11. 0-0-0 Nf6 12. Rhe1 g5 13. h3 Bg7 14. a3 Rhf8 15. Rf1 Ne4 16. Qd3 Qf7 17. f3 Nd6 18. b3 f4 19. Na2 Nf5 20. c3 Qe7 21. Kb2 a6 22. Nb4 Na7 23. a4 Qd6 24. Rde1 Kb8 25. Rf2 c5 26. Nc2 Qb6 27. dxc5 Qxc5 28. Ncd4 Nd6 29. Rff1 Rfe8 30. Nc1 Bf8 31. Ne6 Nc4+ 32. Kc2 Rxe6 33. Rxe6 Nxd2 34. Kxd2 d4 35. c4 Qa3 36. Kd1 Bb4 37. Rf2 Bc3 38. Ra2 Qb4 39. Rae2 Nc6 40. Re8 Rxe8 41. Rxe8+ Ka7 42. Qc2 Qa3 43. Qa2 Qd6 44. Nd3 Ne7 45. Qe2 Nc6 46. c5 Qg6 47. Qe4 Qf7 48. Kc2 Qc7 49. Qf5 Nd8 50. Qf8 Ba5 51. b4 1-0